LEADER 01334nam0 22003011i 450 001 UON00042801 005 20231205102153.511 100 $a20020107d1919 |0itac50 ba 101 $ager 102 $aAT 105 $a|||| 1|||| 200 1 $aKaukasische Forschungen$fvon Robert Bleichsteiner 210 $aWien$cVerl. fur Forschungsinstitutes fur Osten und Orient$d1919 215 $a v.$d22 c 300 $aposs. v. I : Georgische und mingrelische Texte 410 1$1001UON00033656$12001 $aOsten und Orient$1210 $aWien$cVerl. fur Forschungsinstitutes fur Osten und Orient$d19- v. ; cm$v1 606 $aLingua georgiana$xTesti$3UONC014640$2FI 606 $aLINGUA MINGRELICA$xTESTI$3UONC014639$2FI 620 $aNL$dLeiden$3UONL003056 686 $aCAU II A$cCAUCASO E ARMENIA - LINGUISTICA - LINGUE CAUCASICHE MERIDIONALI$2A 700 1$aBLEICHSTEINER$bRobert$3UONV012965$0213199 712 $aForschungsinstitutes fur Osten und Orient$3UONV251546$4650 801 $aIT$bSOL$c20250613$gRICA 899 $aSIBA - SISTEMA BIBLIOTECARIO DI ATENEO$2UONSI 912 $aUON00042801 950 $aSIBA - SISTEMA BIBLIOTECARIO DI ATENEO$dSI CAU II A 010 $eSI SA 14442 5 010 996 $aKaukasische Forschungen$91153102 997 $aUNIOR